| 000 | 00848nam a2200217Ia 4500 | ||
|---|---|---|---|
| 999 |
_c34617 _d34617 |
||
| 001 | 379 | ||
| 003 | GE_BSU | ||
| 005 | 20250908162150.0 | ||
| 008 | 181216s1994||||ge |||||||||||||| ||geo|| | ||
| 040 | _cGE_BSU | ||
| 041 | _ageo | ||
| 080 | _a611.018(075.8)+576(075.8) გ–23 | ||
| 100 |
_aგაჩეჩილაძე, ც. _917945 |
||
| 245 |
_aჰისტოლოგია, ციტოლოგია : _b(სქემები, საკონტრ. კითხვები და სიტუაციური ამოცანები) / _c ც. გაჩეჩილაძე. |
||
| 264 |
_aთბილისი, _c1994. |
||
| 300 |
_a294 გვ. ; _b26 სმ. |
||
| 504 | _aბიბლიოგრ.: გვ. 291. | ||
| 653 | _aჰისტოლოგია | ||
| 653 | _aციტოლოგია | ||
| 942 |
_cBK _2udc |
||